000 nam a22 7a 4500
999 _c10157
_d10157
008 180212b ||||| |||| 00| 0 eng d
100 _aGupta, R G
_96167
245 _aCompositive mathematics -V
260 _aNew Delhi
_bArya Publication
_c2013